[Event "Tampere TammerSh Spring op-A"]
[Site "Tampere"]
[Date "2019.04.20"]
[Round "1"]
[White "Karttunen, Mika"]
[Black "Laine, Panu"]
[Result "1-0"]
[WhiteElo "2480"]
[BlackElo "2048"]
[PlyCount "59"]
[EventDate "2019.04.20"]
[EventType "swiss"]
[EventRounds "4"]
[EventCountry "FIN"]
[SourceTitle "EXT 2021"]
[Source "ChessBase"]
[SourceDate "2020.10.23"]
[SourceVersion "1"]
[SourceVersionDate "2020.10.23"]
[SourceQuality "1"]

1. e4 e6 2. d4 d5 3. Nc3 Nf6 4. Bg5 Be7 5. e5 Nfd7 6. Bxe7 Qxe7 7. f4 a6 8. Qd2 Nb6 9. Nf3 Bd7 10. Bd3 c5 11. Qf2 c4 12. Be2 Qb4 13. Qe3 Na4 14. 0-0 Nxc3 15. bxc3 Qa3 16. f5 h6 17. fxe6 Bxe6 18. Nh4 g6 19. Rxf7 Bxf7 20. e6 Bg8 21. Nxg6 Rh7 22. Rf1 Nc6 23. Rf8+ Qxf8 24. Nxf8 Kxf8 25. Qf3+ Ke7 26. Qxd5 Rd8 27. Qe4 Rg7 28. d5 Na5 29. Qe5 Kf8 30. Qf6+ 1-0

[Event "FIN-chT1B 1819"]
[Site "Finland"]
[Date "2019.01.12"]
[Round "5.7"]
[White "Laine, Panu"]
[Black "Kinnunen, Markku"]
[Result "1/2-1/2"]
[WhiteElo "2087"]
[BlackElo "1960"]
[PlyCount "80"]
[EventDate "2018.09.15"]
[EventType "team-tourn"]
[EventRounds "7"]
[EventCountry "FIN"]
[SourceTitle "EXT 2020"]
[Source "ChessBase"]
[SourceDate "2019.10.17"]
[SourceVersion "1"]
[SourceVersionDate "2019.10.17"]
[SourceQuality "1"]
[WhiteTeam "Espoo MatSK II"]
[BlackTeam "Kuopio KSY"]
[WhiteTeamCountry "FIN"]
[BlackTeamCountry "FIN"]

1. e4 d6 2. d4 Nf6 3. Nc3 g6 4. Bg5 Bg7 5. Qd2 h6 6. Bf4 g5 7. Bg3 Nh5 8. 0-0-0 Nc6 9. Qe3 e6 10. Be2 Nxg3 11. hxg3 Qe7 12. f4 Bd7 13. d5 Nb8 14. Nf3 f6 15. dxe6 Bxe6 16. Nd4 Nc6 17. Bh5+ Kd7 18. Nxe6 Qxe6 19. Qf3 Qc4 20. Bg4+ Kd8 21. Qe3 Re8 22. Rd5 Nb4 23. Qd4 Qxd4 24. Rxd4 Nxa2+ 25. Nxa2 f5 26. Rd5 fxg4 27. fxg5 Re6 28. gxh6 Rxh6 29. Rxh6 Bxh6+ 30. Kd1 Ke7 31. Rh5 Bg7 32. c3 Rh8 33. Rxh8 Bxh8 34. Nb4 Be5 35. Nd5+ Kd7 36. Ne3 Bxg3 37. Nxg4 Ke6 38. Ke2 b5 39. Kd3 c5 40. c4 a6 1/2-1/2

[Event "Bangkok Cha Am op 18th"]
[Site "Bangkog"]
[Date "2018.04.16"]
[Round "4"]
[White "Laine, Panu"]
[Black "Vishwa, Vasnawala"]
[Result "1/2-1/2"]
[WhiteElo "2096"]
[BlackElo "1558"]
[PlyCount "71"]
[EventDate "2018.04.13"]
[EventType "swiss"]
[EventRounds "9"]
[EventCountry "THA"]
[SourceTitle "CBM 184 Extra"]
[Source "ChessBase"]
[SourceDate "2018.06.28"]
[SourceVersion "1"]
[SourceVersionDate "2018.06.28"]
[SourceQuality "1"]

1. Nf3 d5 2. g3 c6 3. Bg2 Bg4 4. 0-0 e6 5. d3 Nf6 6. Nbd2 Be7 7. Re1 0-0 8. e4 Nfd7 9. h3 Bh5 10. Qe2 Na6 11. Nf1 Nc7 12. g4 Bg6 13. Ng3 Bd6 14. e5 Be7 15. Bf4 c5 16. Kh2 b5 17. Rh1 Rb8 18. Kg1 c4 19. d4 b4 20. h4 h6 21. g5 hxg5 22. hxg5 a5 23. Rh3 b3 24. cxb3 cxb3 25. a4 Qc8 26. Ne1 Bb4 27. Qg4 Re8 28. Qh4 Kf8 29. Qh8+ Ke7 30. Qxg7 Rg8 31. Qh6 Rh8 32. Qxh8 Qxh8 33. Rxh8 Rxh8 34. Rc1 Rc8 35. Bf1 Nb6 36. Nd3 1/2-1/2

[Event "FIN-chT1A 1718"]
[Site "Finland"]
[Date "2018.02.03"]
[Round "6.4"]
[White "Rantanen, Riku"]
[Black "Laine, Panu"]
[Result "1/2-1/2"]
[WhiteElo "2071"]
[BlackElo "2121"]
[PlyCount "34"]
[EventDate "2017.09.16"]
[EventType "team-tourn"]
[EventRounds "7"]
[EventCountry "FIN"]
[SourceTitle "EXT 2020"]
[Source "ChessBase"]
[SourceDate "2019.10.17"]
[SourceVersion "1"]
[SourceVersionDate "2019.10.17"]
[SourceQuality "1"]
[WhiteTeam "Raahe Li"]
[BlackTeam "Espoo MatSK II"]
[WhiteTeamCountry "FIN"]
[BlackTeamCountry "FIN"]

1. Nf3 d5 2. c4 e6 3. g3 Nf6 4. Bg2 Nbd7 5. b3 Be7 6. 0-0 0-0 7. d3 b6 8. Nbd2 Bb7 9. Qc2 a5 10. a3 Qb8 11. Bb2 Rd8 12. Rfd1 c5 13. cxd5 exd5 14. d4 Rc8 15. dxc5 Rxc5 16. Qf5 Bc8 17. Qb1 Ba6 1/2-1/2

[Event "FIN-chT1A 1718"]
[Site "Finland"]
[Date "2017.09.17"]
[Round "2.4"]
[White "Koskinen, Antti"]
[Black "Laine, Panu"]
[Result "1-0"]
[WhiteElo "2017"]
[BlackElo "2121"]
[PlyCount "87"]
[EventDate "2017.09.16"]
[EventType "team-tourn"]
[EventRounds "7"]
[EventCountry "FIN"]
[SourceTitle "EXT 2020"]
[Source "ChessBase"]
[SourceDate "2019.10.17"]
[SourceVersion "1"]
[SourceVersionDate "2019.10.17"]
[SourceQuality "1"]
[WhiteTeam "Turku TuTS II"]
[BlackTeam "Espoo MatSK II"]
[WhiteTeamCountry "FIN"]
[BlackTeamCountry "FIN"]

1. e4 e6 2. d4 d5 3. e5 c5 4. c3 Nc6 5. Nf3 Qb6 6. Bd3 cxd4 7. cxd4 Bd7 8. Bc2 Nb4 9. 0-0 Nxc2 10. Qxc2 Ne7 11. Nc3 Nc6 12. Be3 Be7 13. Rad1 Na5 14. Nd2 Rc8 15. f4 g6 16. Qb1 Bb5 17. Rf2 Qa6 18. Nxb5 Qxb5 19. g4 Kd7 20. f5 Nc4 21. Nxc4 Qxc4 22. fxe6+ fxe6 23. Rf7 Qe2 24. Qd3 Qxd3 25. Rxd3 Ke8 26. Rg7 Rc2 27. Rc3 Rxc3 28. bxc3 Rf8 29. Rxh7 Rf3 30. Bf2 Rxc3 31. h4 Kf8 32. h5 gxh5 33. gxh5 Rf3 34. Rh8+ Kf7 35. Kg2 Rf5 36. Rh7+ Kf8 37. Be3 b5 38. h6 Bg5 39. Bxg5 Rxg5+ 40. Kf3 Rh5 41. Kg4 Rh2 42. Rxa7 Rxh6 43. Kg5 Rh2 44. Kf6 1-0

[Event "FIN-chT 1415"]
[Site "Finland"]
[Date "2015.02.08"]
[Round "8.8"]
[White "Laine, Panu"]
[Black "Kuro, Timo"]
[Result "1-0"]
[WhiteElo "2117"]
[BlackElo "2097"]
[PlyCount "105"]
[EventDate "2014.09.27"]
[EventType "team-tourn"]
[EventRounds "11"]
[EventCountry "FIN"]
[SourceTitle "EXT 2016"]
[Source "ChessBase"]
[SourceDate "2015.10.08"]
[SourceVersion "1"]
[SourceVersionDate "2015.10.08"]
[SourceQuality "1"]
[WhiteTeam "Espoo MatSK"]
[BlackTeam "Sastamala VammSK"]
[WhiteTeamCountry "FIN"]
[BlackTeamCountry "FIN"]

1. e4 e5 2. Nf3 Nc6 3. Bb5 Bc5 4. 0-0 Nd4 5. Nxd4 Bxd4 6. c3 Bb6 7. d3 c6 8. Ba4 d6 9. Kh1 Nf6 10. f4 Ng4 11. Qe1 Be6 12. Qg3 h5 13. f5 Bd7 14. Bd1 Qe7 15. a4 a6 16. a5 Ba7 17. Bxg4 hxg4 18. Qxg4 0-0-0 19. Qg5 f6 20. Qg3 g5 21. Be3 Bxe3 22. Qxe3 g4 23. Rf2 Rdg8 24. g3 Rh3 25. Nd2 d5 26. Qa7 Rgh8 27. Ra3 Qd6 28. Rb3 Qc7 29. Kg1 R8h7 30. Qc5 d4 31. Qf8+ Qd8 32. Qxd8+ Kxd8 33. Rxb7 dxc3 34. bxc3 Bc8 35. Rxh7 Rxh7 36. Nc4 c5 37. Nb6 Bb7 38. Kf1 Kc7 39. Rb2 Rh8 40. Ke1 Rd8 41. Ke2 Rh8 42. Kd1 Rd8 43. Kc2 Rh8 44. Kb3 Bc6 45. Rd2 Rd8 46. Kc2 Kb7 47. c4 Rf8 48. Kc3 Kc7 49. Rb2 Bb7 50. Nd7 Kxd7 51. Rxb7+ Kc8 52. Ra7 Kb8 53. Rxa6 1-0

[Event "WchT Seniors 50"]
[Site "Vilnius"]
[Date "2014.07.16"]
[Round "4.7"]
[White "Melkeraaen, Terje"]
[Black "Laine, Panu"]
[Result "1-0"]
[WhiteElo "2043"]
[BlackElo "2168"]
[PlyCount "49"]
[EventDate "2014.07.13"]
[EventType "team-swiss"]
[EventRounds "9"]
[EventCountry "LTU"]
[SourceTitle "CBM 161 Extra"]
[Source "ChessBase"]
[SourceDate "2014.08.29"]
[SourceVersion "1"]
[SourceVersionDate "2014.08.29"]
[SourceQuality "1"]
[WhiteTeam "Norway"]
[BlackTeam "Finland"]
[WhiteTeamCountry "NOR"]
[BlackTeamCountry "FIN"]

1. d4 e6 2. c4 Nf6 3. Nc3 Bb4 4. Qc2 0-0 5. Bg5 d5 6. e3 h6 7. Bh4 c5 8. a3 Bxc3+ 9. bxc3 g5 10. Bg3 Ne4 11. Bd3 Nxg3 12. hxg3 Kg7 13. Ne2 Nc6 14. f3 Na5 15. cxd5 c4 16. Be4 f5 17. dxe6 fxe4 18. Qxe4 Qd6 19. d5 Nb3 20. Rd1 b5 21. f4 Nc5 22. Qd4+ Kg6 23. 0-0 Nxe6 24. dxe6 Qxd4 25. Nxd4 1-0

[Event "WchT Seniors 50"]
[Site "Vilnius"]
[Date "2014.07.13"]
[Round "1.2"]
[White "Laine, Panu"]
[Black "Arkell, Keith C"]
[Result "0-1"]
[WhiteElo "2168"]
[BlackElo "2433"]
[PlyCount "180"]
[EventDate "2014.07.13"]
[EventType "team-swiss"]
[EventRounds "9"]
[EventCountry "LTU"]
[SourceTitle "CBM 161 Extra"]
[Source "ChessBase"]
[SourceDate "2014.08.29"]
[SourceVersion "1"]
[SourceVersionDate "2014.08.29"]
[SourceQuality "1"]
[WhiteTeam "Finland"]
[BlackTeam "England"]
[WhiteTeamCountry "FIN"]
[BlackTeamCountry "ENG"]

1. e4 c6 2. d4 d5 3. exd5 cxd5 4. c4 Nf6 5. Nc3 g6 6. Qb3 Bg7 7. cxd5 0-0 8. Be2 Na6 9. Bf3 Qb6 10. Qxb6 axb6 11. Nge2 Nb4 12. 0-0 Rd8 13. d6 Rxd6 14. Bf4 Rd7 15. Rfd1 Nbd5 16. Bg5 h6 17. Bd2 g5 18. h3 Rd8 19. a3 Be6 20. Rac1 Nxc3 21. Nxc3 Nd5 22. Nb5 Rd7 23. g4 Rad8 24. Be3 Bf6 25. Kh2 Kg7 26. Rd2 Ra8 27. Rdc2 Ra5 28. Nc7 Nxc7 29. Rxc7 Bxd4 30. Rxd7 Be5+ 31. Kg2 Bxd7 32. Bxb7 Bxb2 33. Rb1 Bf6 34. Bxb6 Rxa3 35. Bf3 h5 36. Rd1 Be6 37. Bd4 Bxd4 38. Rxd4 hxg4 39. hxg4 Kf6 40. Rb4 Rc3 41. Ra4 Bc4 42. Ra5 e6 43. Ba8 Be2 44. Ra4 Bc4 45. Ra5 Rd3 46. Ra1 Ke5 47. Re1+ Kd6 48. Bf3 Ra3 49. Be4 Bb5 50. f3 Bd7 51. Rd1+ Ke7 52. Kf2 Rc3 53. Rd2 f5 54. gxf5 exf5 55. Bb7 Ra3 56. Re2+ Kf6 57. Bd5 Rd3 58. Bb7 Rd1 59. Ba8 Rb1 60. Bd5 Rb5 61. Ba8 Be6 62. Bc6 Rc5 63. Bb7 Rc3 64. Ba8 Bc4 65. Re3 Rc2+ 66. Kg1 Ba2 67. Bc6 Rb2 68. Ba8 Kg6 69. Re8 Bf7 70. Re5 Bc4 71. Bc6 Rb6 72. Bd7 Rb1+ 73. Kf2 Rb2+ 74. Kg1 Bd3 75. Be8+ Kf6 76. Re3 Bb1 77. Bd7 Ba2 78. Be8 Bd5 79. Rd3 Bf7 80. Re3 Rd2 81. Re1 Bd5 82. Re3 g4 83. fxg4 f4 84. Rc3 f3 85. Bd7 Kg5 86. Bf5 Kf4 87. Rc2 Rd1+ 88. Kf2 Bb3 89. Rb2 Bc4 90. Rc2 Rf1# 0-1

[Event "FIN Team Cup"]
[Site "Finland"]
[Date "2014.05.10"]
[Round "3.4"]
[White "Laine, Panu"]
[Black "Hiltunen, Ville"]
[Result "1-0"]
[WhiteElo "2178"]
[BlackElo "1798"]
[PlyCount "143"]
[EventDate "2014.03.29"]
[EventType "team-k.o."]
[EventRounds "6"]
[EventCountry "FIN"]
[SourceTitle "EXT 2022"]
[Source "ChessBase"]
[SourceDate "2021.10.06"]
[SourceVersion "1"]
[SourceVersionDate "2021.10.06"]
[SourceQuality "1"]
[WhiteTeam "Espoo MatSK"]
[BlackTeam "Vantaa EtVaS II"]
[WhiteTeamCountry "FIN"]
[BlackTeamCountry "FIN"]

1. e4 e5 2. Nf3 Nc6 3. Bb5 a6 4. Ba4 Nf6 5. Qe2 d6 6. c3 Bg4 7. 0-0 Be7 8. Rd1 0-0 9. d4 Nd7 10. h3 Bxf3 11. Qxf3 Bg5 12. Na3 Bxc1 13. Raxc1 Qf6 14. Qxf6 Nxf6 15. Bxc6 bxc6 16. dxe5 dxe5 17. f3 a5 18. Nc4 Rfe8 19. a4 Nh5 20. Rd7 Nf4 21. Rcd1 Ne6 22. Kf2 f6 23. Ne3 Kf8 24. Ke2 Re7 25. Rxe7 Kxe7 26. Kd2 Nc5 27. Kc2 g6 28. b3 Rb8 29. Rb1 Ke6 30. Nc4 Ra8 31. g4 Ke7 32. h4 h6 33. Rh1 Ke6 34. h5 g5 35. Rd1 Ke7 36. Ne3 Rh8 37. Ra1 Kf7 38. Rd1 Rb8 39. Rb1 Rd8 40. Nc4 Ra8 41. Rd1 Ke6 42. Ne3 Rb8 43. Rb1 Rd8 44. Nf5 Rh8 45. b4 axb4 46. Rxb4 Na6 47. Rb7 Kd7 48. Rb1 Nc5 49. a5 Ra8 50. Ra1 Ra6 51. Nxh6 Ke8 52. Nf5 Kf7 53. Ne3 Nb7 54. Rb1 Nd6 55. Ra1 Nb7 56. Nc4 Nd6 57. Nxd6+ cxd6 58. Kb3 Ke6 59. Ka4 d5 60. Rd1 Ra8 61. h6 dxe4 62. fxe4 Rh8 63. Rh1 Rh7 64. Kb4 Kd6 65. a6 Kc7 66. Kc5 Kb8 67. Kb6 Ka8 68. Rd1 Rh8 69. Rd7 c5 70. a7 f5 71. h7 fxg4 72. Rb7 1-0